Joueurs français avec le plus de passe d sur une saison au 21ème - Statistiques

Statistiques générales
  • Ce quiz a été pris 109 fois
  • Le résultat moyen est 8 sur 10
Statistiques - réponses
Année Nombre de Pass D Joueur % Correct
2022 - 2023 22 Antoine Griezmann
92%
2017 - 2018 19 Antoine Griezmann
92%
2021 - 2022 26 Kylian Mbappe
89%
2017 - 2018 19 Kylian Mbappe
89%
2012 - 2013 20 Karim Benzema
82%
2013 - 2014 19 Karim Benzema
82%
2002 - 2003 28 Thierry Henry
78%
2012 - 2013 25 Franck Ribery
72%
2011 - 2012 21 Franck Ribery
72%
2017 - 2018 22 Dimitri Payet
63%
Aucun quiz correspondant
Distribution des résultats
% des personnes avec chaque résultat
Percentile par nombre de réponses
Votre historique - résultats
Vous n’avez pas pris ce quiz